000 00625nam a2200229Ia 4500
008 180523s9999 xx 000 0 und d
020 _a0-675-06724-3
050 _aMAIN Q 161.2
050 _b.C66 1977
100 _aComo, Victor.
245 0 _aPhysical science :
245 2 _ba learning strategy for the laboratory /
245 0 _cVictor Como.
260 _aColumbus :
260 _bCharles E. Merrill Publishing,
260 _c1977
300 _a178 pages :
300 _billustrations ;
300 _c28 cm.
500 _aIncludes bibliographical references and index.
650 _aScience -- Textbooks.
999 _c357414
_d357414